000 00456nam a2200181Ia 4500
001 7417
005 20260306160454.0
008 260306t2016||||xx |||||||||||||| ||spa||
041 _aESP
082 _a338.985
_bA72
100 _aArias, Luis Alberto
_eAUT
245 0 _aEstrategias para el desarrollo económico y social del Perú
260 _c2016
300 _a244 páginas :
_c23 cm.
650 _aGEN
654 _aCAN
942 _cLIB
_dJUS
_fJUS
_2ddc
_n
999 _c7417
_d7417